000 00876nam a2200265 i 4500
001 105805
003 ES-MaACL
007 t|
008 060829s1970 ag ||||1| spa d
080 _a821.111-23"19"
100 1 _aWesker, Arnold.
_9116530
245 1 0 _aTeatro
_b: La Cocina ; Papas fritas y todo lo demás ; Ciudad dorada ; Las cuatro estaciones /
_cArnold Wesker ; traducción de Manuel Barberá.
260 _aBuenos Aires :
_bLosada,
_c[1970]
300 _a273 p. ;
_c20 cm.
490 1 _aGran teatro del mundo
500 _aBiblioteca Juan Andrade.
700 1 _aBarberá, Manuel.
_925419
740 3 _aLa cocina.
740 0 _aPapas fritas y todo lo demás.
740 0 _aCiudad dorada.
740 4 _aLas cuatro estaciones.
830 0 0 _aGran teatro del mundo (Losada)
_9184853
852 _aES-MaACL
_jAND-631
_bR.109929
999 _c105805
_d105805